Stancliffe Stone Company Ltd v Peak District National Park Authority (Record no. 74479)
[ view plain ]
| 000 -LEADER | |
|---|---|
| fixed length control field | 01534cab a2200217 4500 |
| 001 - CONTROL NUMBER | |
| control field | ABS68046 |
| 008 - FIXED-LENGTH DATA ELEMENTS--GENERAL INFORMATION | |
| fixed length control field | 040722n2004 000 0 eng u |
| 035 ## - SYSTEM CONTROL NUMBER | |
| System control number | (Sirsi) u126896 |
| 245 ## - TITLE STATEMENT | |
| Title | Stancliffe Stone Company Ltd v Peak District National Park Authority |
| 260 ## - PUBLICATION, DISTRIBUTION, ETC. | |
| Date of publication, distribution, etc. | 2004 |
| 520 ## - SUMMARY, ETC. | |
| Summary, etc. | [2004] EWHC 1475 (QB), 22 June 2004. The claimant (S) sought to challenge a mineral planning authority decision that two quarries were dormant for the purposes of Environment Act 1995 Sched 13. S submitted that the two quarries should have been considered as a whole with other quarries in the area covered by the same original planning permission that were considered active and not as separate dormant sites. The planning authority submitted that four separate planning permissions contained in a single document had been granted in 1952 and was therefore right in considering each site separately. "Held": the planning authority was correct in its treatment of the quarries as four separate planning permissions. S was also out of time for pursuing a judicial review of the situation. View judgment at www.courtservice.gov.uk. |
| 590 ## - LOCAL NOTE (RLIN) | |
| Local note | ABS |
| 650 ## - SUBJECT ADDED ENTRY--TOPICAL TERM | |
| Topical term or geographic name entry element | STANCLIFFE STONE COMPANY LTD V PEAK DISTRICT NATIONAL PARK AUTHORITY |
| 650 ## - SUBJECT ADDED ENTRY--TOPICAL TERM | |
| Topical term or geographic name entry element | MINERAL PLANNING AUTHORITIES |
| 650 ## - SUBJECT ADDED ENTRY--TOPICAL TERM | |
| Topical term or geographic name entry element | MINERAL PLANNING PERMISSIONS |
| 650 ## - SUBJECT ADDED ENTRY--TOPICAL TERM | |
| Topical term or geographic name entry element | QUARRYING |
| 650 ## - SUBJECT ADDED ENTRY--TOPICAL TERM | |
| Topical term or geographic name entry element | QUARRIES |
| 690 ## - LOCAL SUBJECT ADDED ENTRY--TOPICAL TERM (OCLC, RLIN) | |
| Topical term or geographic name as entry element | MINING AND MINERALS-CASE LAW |
| 856 ## - ELECTRONIC LOCATION AND ACCESS | |
| Uniform Resource Identifier | <a href="https://www.courtservice.gov.uk/View.do?id=2610">https://www.courtservice.gov.uk/View.do?id=2610</a> |
| Public note | View judgment on the Court Service website... |
| 942 ## - ADDED ENTRY ELEMENTS (KOHA) | |
| Suppress in OPAC | 0 |
| Withdrawn status | Lost status | Source of classification or shelving scheme | Damaged status | Not for loan | Home library | Current library | Shelving location | Date acquired | Total Checkouts | Full call number | Barcode | Date last seen | Copy number | Price effective from | Koha item type |
|---|---|---|---|---|---|---|---|---|---|---|---|---|---|---|---|
| Dewey Decimal Classification | London | London | Journal article | 22/07/2004 | ABS68046 | 126896-1001 | 06/08/2019 | 1 | 06/08/2019 | Law report | |||||
| Dewey Decimal Classification | Virtual | Virtual | Online | 04/08/2004 | ONLINE PUBLICATION | 126896-3001 | 06/08/2019 | 1 | 06/08/2019 | Law report |